| 000 | 00996nam a2200277 a 4500 | ||
|---|---|---|---|
| 005 | 20240412121725.0 | ||
| 008 | 100827t1986||||sp o f |||| 001 0 spa d | ||
| 020 | _a84-7605-250-2 | ||
| 041 | _aspa | ||
| 092 |
_c611.022 _l51 _sMCM |
||
| 100 | 1 |
_aMcMinn, R. M. H. _93084 |
|
| 245 |
_aGran atlas de anatomía humana / _cR. M. H. McMinn |
||
| 250 |
_a1a ed. en español de la obra original en inglés / _bTraducción y adaptación Ivonne Lastra |
||
| 260 |
_aBarcelona: _bInteramericana; _c1986. |
||
| 300 |
_a532 p. _b1211 imágenes, 1117 en color y 94 radiografías, TC y RM |
||
| 500 | _aMcMinn, R. M. H. (1986). Gran atlas de anatomía humana. (1a ed.). Barcelona : Interamericana. | ||
| 653 | _aAnatomía general | ||
| 653 | _aCabeza y cuello | ||
| 653 | _aTronco | ||
| 653 | _aOrganos torácicos | ||
| 653 | _aOrganos abdominales | ||
| 653 | _aOrganos retroperitoneales | ||
| 653 | _aMiembro [extremidad] superior | ||
| 653 | _aMiembro [extremidad] inferior | ||
| 942 |
_2ddc _cBK |
||
| 999 |
_c2273 _d2273 |
||